000 02361nam0a2200409 4500
001 RU\NLR\BIBL_A\012278879
005 20200724171328.0
010 _a978-5-6043668-5-1
_9500
021 _aRU
_bКН-П-20-008654
_9КН-П-20-0663
035 _a(NLR Aleph) 012278879
035 _a(RuMoRGB)010274697
090 _a11207620
_c11207620
100 _a20200623d2019 k y0rusy50 ca
101 0 _arus
102 _aRU
105 _aa zzzz1|100zy
181 0 _ai
_baxxe
182 0 _an
200 1 _aПедагогика и психология: традиции, опыт, инновации
_eматериалы Всероссийского фестиваля педагогических идей, 13 ноября 2019 г.
_f[INCEPTUM образовательный центр]
_g[составители: Степанова Анна Владимировна и др.
_gредакционная коллегия: Леонтьева Елена Михайловна]
203 _aТекст
_bвизуальный
_cнепосредственный
210 _aЧебоксары
_cОбразовательный центр "Инициатива"
_dcop. 2019
215 _a98 с.
_cил., табл.
_d20
320 _aБиблиогр. в конце ст.
606 1 _aПедагогика
_jСъезды, совещания и т.п
_2nlr_sh2
_3RU\NLR\AUTH\6619222
606 1 _aПсихология
_jСъезды, совещания и т.п
_2nlr_sh1
_2nlr_sh2
_3RU\NLR\AUTH\6624683
686 1 _aЧ30я431
686 1 _aЮ9я431
702 1 _aЛеонтьева
_bЕ. М.
_gЕлена Михайловна
_4340
702 1 _aСтепанова
_bА. В.
_cканд. филол. наук, редактор изд-ва
_f1975-
_gАнна Владимировна
_3RU\NLR\AUTH\770183907
_4220
711 1 2 _a"Педагогика и психология: традиции, опыт, инновации", всероссийский фестиваль педагогический идей
_d1
_f2019
_eЧебоксары
_3RU\NLR\AUTH\880522565
712 0 2 _a"Инициатива", образовательный центр
_cЧебоксары
_3RU\NLR\AUTH\880459926
_4475
942 _cBOOK
980 _aNBR
980 _aNB